000
00242nam a2200097Ia 4500
001
655164
005
20250826154531.0
008
250824s9999 xx 000 0 und d
245
0
_a
Ekonomide Kurtuluş Savaşımı
_c
Hilal Akgül
260
_b
ALTIN
999
_c
655164
_d
655164